|
|
|
|
| LEADER |
01040nam a2200349 4500 |
| 001 |
DLU110127121 |
| 005 |
##20111025 |
| 008 |
##020129s2002 njua b 001 0 eng |
| 010 |
# |
# |
|a 2002276271
|
| 020 |
# |
# |
|a 0201180758
|
| 040 |
# |
# |
|a DLC
|c DLC
|d DLC
|
| 082 |
# |
# |
|a 621.367
|b GO-R
|
| 100 |
# |
# |
|a Gonzalez, Rafael C.
|
| 245 |
# |
# |
|a Digital image processing /
|c Rafael C. Gonzalez, Richard E. Woods.
|
| 250 |
# |
# |
|a 2nd ed.
|
| 260 |
# |
# |
|a Upper Saddle River, N.J. :
|b Prentice Hall,
|c c2002.
|
| 300 |
# |
# |
|a xiv, 348 p. :
|b ill. ;
|c 30 cm.
|
| 504 |
# |
# |
|a Includes bibliographical references and index.
|
| 650 |
# |
# |
|a Image processing
|x Digital techniques.
|
| 700 |
# |
# |
|a Woods, Richard E.
|q (Richard Eugene),
|d 1954-
|
| 856 |
# |
# |
|3 Table of contents
|u http://www.loc.gov/catdir/toc/fy031/2002276271.html
|
| 923 |
# |
# |
|a 01/2011CT
|
| 991 |
# |
# |
|a GT
|
| 992 |
# |
# |
|a 0
|
| 994 |
# |
# |
|a KCT
|
| 900 |
# |
# |
|a True
|
| 911 |
# |
# |
|a Đào Thị Thu Huyền
|
| 925 |
# |
# |
|a G
|
| 926 |
# |
# |
|a A
|
| 927 |
# |
# |
|a SH
|
| 980 |
# |
# |
|a Thư viện Trường Đại học Đà Lạt
|